01099 2200181 4500245006500000020002200065250001100087100001700098700002500115650002200140005001900162260005200181041001400233084001100247300001800258500063200276336000900908 aPresiden Soeharto dan Visi kenusantaraancAbdul RohmanhText a978-623-97406-0-3 aCet. 1 aAbdul Rohman aSatmoko Budi santoso apresiden Soekarno a20250131084640 aJakarta PusatbPT Media Cendana Nusantarac2021 aIndonesia a920.71 a566 hlm :c21 aPercermatan terhadap kemimpinan presiden soekarno harus dilihat dalam perspektif politik kenusantaraan.Sebuh visi politik yang diletakkan pada komitmen untuk menjaga dan melanjutkan rekonstruksi (perjuangan pembangunan kembali) peradaban Nusantara yang eksitensinya terbangun sejak beradab-abad namun merosot sejak paragreg.ia mewujudkannya kedalam agenda tinggal landas (terwujud kemandirian dan kedaulatan ekonomi bangsa untuk setara dengan negara maju dalam kali pjp).Pada akhir masa jabatannya, Indonesia menjadi the newly industrial Country ,dan mulai berdiri tegak di atas industri strategi sendiri(IPTN.Pindap,PAL,dll). atext